000 00496nam a2200193Ia 4500
005 20240509114134.0
008 131103s9999 xx 000 0 und d
020 _a0 19 432542 3
040 _aLoreto College
041 _aEnglish
082 _a428
_bHIL
100 _aHill, L. A.
245 _aIntermediate stories for reproduction
_cL. A. Hill
260 _aLondon
_bOxford University press
_c1965
300 _a61p.
_b ill.
650 _aEnglish readers
850 _aLCBED
942 _cBK
999 _c30250
_d80729